000 01129cam a2200301 4500
008 000000n1999 000 0 eng u
020 _a0415160103
035 _a(Sirsi) u103461
041 _aeng
050 _a711.3094
100 _aBalchin, P.
245 _aRegional policy and planning in Europe
260 _aLondon
_bRoutledge
_c1999
300 _axi,287p. : ill.,maps ; 24cm.
350 _a16.99
520 _aPresenting a comprehensive overview of the economic basis of integration, this text examines the evolution of various systems of government, planning and forms of devolution. Explores the differences between unitary states with centralised planning powers vested in the regions and questions whether similar constitutional developments will occur in the transition states of East Central Europe.
650 _aPLANNING POLICY
650 _aEUROPEAN UNION
650 _aCZECH REPUBLIC
650 _aHUNGARY
650 _aPOLAND
650 _aSLOVAKIA
650 _aREGIONAL POLICY
690 _aINTERNATIONAL-EUROPE
700 _aSykora, Ludek
700 _aBull, Gregory
942 _n0
999 _c100131
_d100131